Statistics for Top 15 Countries with Covid-19 Deaths - 26 January 2022

Click here to take the quiz!

General Stats

  • This quiz has been taken 24 times
  • The average score is 16 of 27

Answer Stats

country% Correct
France
100%
Germany
100%
India
100%
Italy
100%
United States
100%
United Kingdom
95%
Brazil
86%
Mexico
86%
Russia
86%
Argentina
73%
Indonesia
73%
Iran
68%
Poland
68%
Peru
59%
Colombia
55%
Czechia
41%
Croatia
32%
Romania
32%
Slovakia
32%
Slovenia
32%
Bulgaria
27%
Hungary
27%
Bosnia and
Herzegovina
23%
Lithuania
23%
Armenia
18%
Georgia
18%
North Macedonia
14%

Score Distribution

Percentile by Number Answered

Percent of People with Each Score

Your Score History

You have not taken this quiz